Datum a čas kvízu
29.5
Celkem bodů
Celkový počet nahraných bodů na tomto kvízu bez doplňovacích otázek.
8.
Pořadí na kvízu
Konečné umístění týmu na tomto kvízu.
Zaznamenané odpovědi
| # | Otázka | Odpověď | Body | Výsledky |
|---|---|---|---|---|
| 1. | Minulý týden se v pražských Z... | Bolt | 0 | |
| 2. | Švýcarský výrobce nožů Victori... | nebude obsahovat nožík/čepel | 1 | |
| 3. | Jedno z nejnovějších děl umělc... | C) ve Veselí nad Moravou | 1 | |
| 4. | Někteří obyvatelé Německa, pře... | kebab | 1 | |
| 5. | Jak se jmenuje český fotbalový... | Václav Hladký | 0 | |
| 6. | Podíváme se do zemí či krajů,... | Muž z Acapulca | 1 | |
| 7. | Jak se nazývá chudé království... | A) Monte Albo | 1 | |
| 8. | Brobdingnag, Laputa, Balnibarb... | Gulliverovy cesty, Jonathan Swift | 1 | |
| 9. | Přiřaďte tyto postavy z knižní... | 1D 2C 3B 4A | 1 | |
| 10. | Děj které humoristické novely... | Rozmarné léto | 1 |